00493nam a22001577a 450000500170000001000150001702000260003203500140005803700130007208200120008510000220009724500600011926000450017927000770022430000340030120220915111422.0 aENG-135052 a9788175557574c900.00 aEN-118585 bDBAD/PUB a658.151 aSharma, Trilochan aFinancial Management and Instruments/cTrilochan Sharma aNew DelhibUniversity Publicationsc2017 a22/4735 Prakash Deep Building, Ansari Road Darya GanjbNew Delhie110002 a195p.bBibliographyc22cm(hb)